01247 2200241 4500001002100000005001500021035002000036007000300056008004100059020002200100082001300122084001900135100003000154245006300184250001700247300004600264520054900310600001600859264004600875336003100921337003000952338002300982INLIS00000000000036920210211091201 a0010-0221000162ta210211 b 1 ind  a978-979-1464-22-2 a899.2213 a899.2213 JAJ e0 aJajang windayaePengarang1 aEllo Si Elang Kecil :bFiksi Anak Islami /cJajang windaya aCetakan 2017 av, 138 Halaman :bIlustrasi ;c15 x 21 cm aKetidaksabaran Ello berbuah petaka. Ello, si elang muda terjatuh. Ia terbawa arus sungai yang deras. Arus sungai itu menghanyutkannya kearah sebuah air terjut yang tinggi dan curam. Ello sangat ketakutan. Ketika hampir sampai air terjun itu Ello sangat ketakutan sehingga Ia minta tolong berteriak. Akhirnya tubuh Ello terbanting bersama jatuhnya air dan ia pingsan. Bagaimana nasib Ello? Kisah Ello mengajarkan pentingnya kesabaran, ketekunan, dan kasih sayang sesama makhluk tuhan, serta betapa besar dan mulia cinta orang tua kepada anaknya. 4aAgama Islam aJogjakarta :bPT. Citra Aji Parama,c2017 aTeks Bergambar2rdacontent aTanpa Perantara2rdamedia aVolume2rdacarrier